|
|
|
|
| LEADER |
00000nab a2200000 a 4500 |
| 001 |
vtls000365186 |
| 003 |
SK-MaSNL |
| 005 |
20260304081248.0 |
| 008 |
250424c1989 xo 0 slo |
| 015 |
|
|
|a SNBRB19rr/mm-uuuuu
|
| 035 |
|
|
|a CL0365308
|
| 035 |
|
|
|a urn:nbn:sk:snk-ab1vd5
|
| 035 |
|
|
|a (urnnbn)urn:nbn:sk:snk:ar-a011ht
|
| 035 |
|
|
|a (uuid)afc53c83-0bb3-45f3-80b5-2de290d3ef0a
|
| 040 |
|
|
|a SNKBUCL
|b slo
|c SNKBUCL
|e AACR2
|
| 041 |
0 |
|
|a slo
|
| 044 |
|
|
|a xo
|c SK
|
| 080 |
|
|
|a 78.071.2:785:78.087.6
|2 1981
|
| 080 |
|
|
|a 785
|2 1981
|
| 080 |
|
|
|a 78.087.6
|2 1981
|
| 080 |
|
|
|a 78.071.1
|2 1981
|
| 080 |
|
|
|a 929 Zemanovský, Alfréd
|2 1981
|
| 100 |
1 |
|
|a Michalová, Eva,
|d 1939-
|4 aut
|9 111068
|
| 245 |
1 |
0 |
|a Koncert k jubileu Alfréda Zemanovského
|c E. Michalová
|
| 600 |
1 |
7 |
|a Zemanovský, Alfréd,
|d 1919-1994
|2 snkbucl
|9 166548
|
| 655 |
|
7 |
|a články z novín a časopisov
|2 snkbucl
|9 267496
|
| 773 |
0 |
|
|t Hudobný život
|g Roč. 21, č. 21 (1989), s. 7
|
| 850 |
|
|
|a Slovenská národná knižnica
|
| 852 |
|
|
|a Slovenská národná knižnica
|
| 954 |
|
|
|a odborná, vedecká literatúra pôvodná (slovenská)
|2 lita
|
| 957 |
|
|
|a 5301
|
| 958 |
|
|
|a article27
|
| 958 |
|
|
|a OND
|
| 958 |
|
|
|a RK
|
| 958 |
|
|
|a EUIPO
|
| 992 |
|
|
|a RBX
|
| 999 |
|
|
|c 2790113
|d 2792043
|